000 00686nam a2200181Ii 4500
003 JO-AjNU
008 230605s9999||||xx |||||||||||||| ||und||
040 _aJO-AjNU
_bara
_erda
_cJO-AjNU
041 _aara
050 1 4 _aBS315 1977
245 0 0 _aالانجيل المقدس
264 3 1 _aالاسكندرية:جمعيات الكتاب المقدس في الشرق الادنى، 1977
300 _a658ص
_bترجم من اللغة اليونانية الى اللغة العربية
336 _atext
_btxt
_2rdacontent
337 _aunmediated
_bn
_2rdamedia
338 _avolume
_bnc
_2rdacarrier
650 4 _aالديانات - المسيحة - الانجيل المقدس
_926828
999 _aA10213
_c13781
_d13781